Obálka Náhled e-knihy:
PDF Epub
Pro půjčování e-knih musíte být přihlášeni.
Jak si půjčit online?

Učnica Zloducha /

Evie je zo svojej práce asistentky pre krásneho a hrozivého Zloducha nadšená. Rennedawn však čelí nebezpečenstvu, s mágiou sa deje niečo zvláštne a Zloduchovo panstvo je zraniteľné. Evie musí ochrániť Zloduchov brloh aj celé kráľovstvo. Nastal čas vystúpiť z komfortnej zóny a naučiť sa novým zručnos...

Celý popis

Uloženo v:
Série:Asistentka Zloducha, část 2
Hlavní autor: Maehrer, Hannah Nicole (Autor)
Médium: E-kniha
Jazyk:Czech
Vydáno: Praha : Albatros Media Slovakia s.r.o., 2026
Příbuzné jednotky:Z cyklu:: Asistentka Zloducha
Tagy:
Žádné tagy
LEADER 01548nam a22002417i 4500
001 302690
007 ta
008 260514s2026 xr ||||| |||| 00| 0 cze d
020 |a 9788056650615 
044 |a xr 
100 1 |a  Maehrer, Hannah Nicole  |4 aut 
245 1 0 |a Učnica Zloducha /  |c  Maehrer, Hannah Nicole 
240 1 0 |a Apprentice to the Villain 
264 1 |a Praha :  |b Albatros Media Slovakia s.r.o.,  |c 2026 
300 |a 1 online zdroj (376 stran) 
336 |a text  |b txt  |2 rdacontent 
337 |a bez média  |b n  |2 rdamedia 
338 |a online zdroj  |b cr  |2 rdacarrier 
520 2 |a Evie je zo svojej práce asistentky pre krásneho a hrozivého Zloducha nadšená. Rennedawn však čelí nebezpečenstvu, s mágiou sa deje niečo zvláštne a Zloduchovo panstvo je zraniteľné. Evie musí ochrániť Zloduchov brloh aj celé kráľovstvo. Nastal čas vystúpiť z komfortnej zóny a naučiť sa novým zručnostiam – zrade, práci s dýkou či sprisahaniu s nepriateľom. Čo sa stane, keď sa asistentka rozhodne stať Zloduchovou učnicou? 
787 0 8 |g 2  |i Z cyklu:  |t Asistentka Zloducha 
910 |a RBIT002 
998 |d 426947  |a https://core.palmknihy.cz/api/books/426947/cover?tesghx  |b https://core.palmknihy.cz/api/books/426947/cover/400?tesghx  |c https://core.palmknihy.cz/api/books/426947/cover/50?tesghx  |e 2030-08-13  |g 376  |i 9788056650615  |j https://core.palmknihy.cz/api/books/426947/preview.epub  |k https://core.palmknihy.cz/api/books/426947/preview.pdf  |l   |q 49  |r 1  |s https://www.palmknihy.cz/kniha/426947  |t ebook  |y 2026  |z 1  |v Asistentka Zloducha  |w 2 
999 |d 302688